000 01931nam a2200229Ia 4500
003 Ost
005 20260507075646.0
008 260507s9999||||xx |||||||||||||| ||und||
020 _a×145223977
040 _cfsecg
041 _aara
100 _aالبشبيشي، حلمي عبد الفتاح
_eمؤلف
245 0 _aبحوث العمليات في المحاسبة /
_c حلمي عبد الفتاح البشبيشي
260 _aالقاهرة:
_bمركز التعليم المفتوح,
_c1993
300 _a508 صفحة؛
_bإيضاحات ؛
_c24 سم
490 _aدراسات بكالوريوس التجارة في فن المعاملات المالية والتجارية
520 _aالإطار العام لبحوث العمليات- نموذج البرمجة الخطية- استخدام الطريقة البيانية في حل نموذج البرمجة الخطية- استخدام الطريقة العامة لحل نموذج البرمجة الخطية في حالة تعظيم الأرباح- استخدام نموذج البرمجة الخطية في تدنية التكاليف- النموذج الثنائي الخطي وأسعار الموارد الإقتصادية- حالات ومشاكل خاصة في البرمجة الخطية- تحليل حساسية نموذج البرمجة الخطية- استخدام نموذج النقل في تدنية التكاليف- نموذج التعيين- استخدام تحليل شبكات أعمال أقصى تدفق في حل المشاكل المحاسبية- نموذج تقييم ومراجعة أداء البرامج- استخدام نموذج بيرت في تدنية التكاليف- نظرية المباريات- نظرية صفوف الإنتظار.
653 _aالبرمجيات
653 _aالمحاسبة
700 _aاسماعيل، طه الطاهر ابراهيم، وآخرون
_eمؤلف ثانوي
942 _cكتاب
999 _c45480
_d45480